[Event "Lovsprings op 11th"]
[Site "Ringsted"]
[Date "2000.05.12"]
[Round "7"]
[White "Rasmussen, Bo1111"]
[Black "Kronow, Jacob Nissen"]
[Result "1-0"]
[WhiteElo "2046"]
[BlackElo "2000"]
[PlyCount "75"]
[EventDate "2000.03.24"]
[EventType "swiss"]
[EventRounds "7"]
[EventCountry "DEN"]
[SourceTitle "EXT 2018"]
[Source "ChessBase"]
[SourceDate "2017.10.13"]
[SourceVersion "1"]
[SourceVersionDate "2017.10.13"]
[SourceQuality "1"]

1. d4 Nf6 2. Nf3 d6 3. g3 g6 4. Bg2 Bg7 5. 0-0 0-0 6. Nc3 c6 7. e4 Nbd7 8. h3 e5 9. dxe5 dxe5 10. Be3 Re8 11. Qd2 Qc7 12. Ne1 Nh5 13. Nd3 Nb6 14. b3 f5 15. Bh6 f4 16. Bxg7 Qxg7 17. gxf4 exf4 18. Ne2 g5 19. Kh2 Nf6 20. f3 h5 21. Rg1 Kh7 22. Bf1 Qh6 23. Nexf4 gxf4 24. Nxf4 Rf8 25. Bd3 Ng4+ 26. hxg4 Qxf4+ 27. Qxf4 Rxf4 28. Kg3 Rf8 29. Rh1 Kg7 30. Rxh5 Nd7 31. Rah1 Nf6 32. Rg5+ Kf7 33. e5 Nd5 34. f4 Ke8 35. Bg6+ Kd8 36. f5 Ne3 37. e6 Nxc2 38. Rh7 1-0

[Event "Lovsprings op 10th"]
[Site "Ringsted"]
[Date "1998.04.24"]
[Round "5"]
[White "Nordenbaek, Jan"]
[Black "Kronow, Jacob Nissen"]
[Result "0-1"]
[WhiteElo "2237"]
[BlackElo "2044"]
[PlyCount "54"]
[EventDate "1998.03.13"]
[EventType "swiss"]
[EventRounds "7"]
[EventCountry "DEN"]
[SourceTitle "EXT 2018"]
[Source "ChessBase"]
[SourceDate "2017.10.13"]
[SourceVersion "1"]
[SourceVersionDate "2017.10.13"]
[SourceQuality "1"]

1. e4 c5 2. Nf3 d6 3. d4 cxd4 4. Qxd4 Nc6 5. Bb5 Bd7 6. Bxc6 Bxc6 7. c4 Nf6 8. Nc3 g6 9. 0-0 Bg7 10. h3 0-0 11. Qe3 Rc8 12. Rb1 Nd7 13. Bd2 Nc5 14. Nd4 Bxe4 15. Nxe4 Nxe4 16. Qxe4 Rxc4 17. Be3 e5 18. b3 d5 19. Qd3 Rc8 20. Ne2 d4 21. Bd2 f5 22. f3 Re8 23. Ng3 Qh4 24. Be1 Qe7 25. Qb5 a6 26. Qd5+ Kh8 27. a3 Rc5 0-1

[Event "Lovsprings op 10th"]
[Site "Ringsted"]
[Date "1998.03.27"]
[Round "3"]
[White "Kronow, Jacob Nissen"]
[Black "Foli, Karsten"]
[Result "1-0"]
[WhiteElo "2044"]
[BlackElo "1932"]
[PlyCount "81"]
[EventDate "1998.03.13"]
[EventType "swiss"]
[EventRounds "7"]
[EventCountry "DEN"]
[SourceTitle "EXT 2018"]
[Source "ChessBase"]
[SourceDate "2017.10.13"]
[SourceVersion "1"]
[SourceVersionDate "2017.10.13"]
[SourceQuality "1"]

1. d4 f5 2. e4 fxe4 3. Nc3 Nf6 4. Bg5 d5 5. Bxf6 exf6 6. Qh5+ g6 7. Qxd5 Bb4 8. Qxe4+ Kf7 9. Bc4+ Kg7 10. 0-0-0 Bxc3 11. bxc3 Re8 12. Qf3 Qd6 13. Ne2 Nc6 14. Rhe1 Qa3+ 15. Kb1 Bd7 16. Nf4 Qd6 17. h4 Na5 18. Bd3 b5 19. h5 f5 20. hxg6 hxg6 21. Qd5 Qxd5 22. Nxd5 c6 23. Nc7 Rxe1 24. Rxe1 Rf8 25. Ne6+ Bxe6 26. Rxe6 Kf7 27. Rd6 a6 28. Rd7+ Ke6 29. Ra7 Kd6 30. Rxa6 Nc4 31. Bxc4 bxc4 32. Ra7 Re8 33. Rg7 Re6 34. a4 c5 35. Ra7 Kd5 36. Ra5 Rc6 37. Kc1 f4 38. Kd2 g5 39. Ke2 g4 40. Rxc5+ Rxc5 41. dxc5 1-0

[Event "Lovfalds 11th B"]
[Site "Ringsted"]
[Date "1997.09.21"]
[Round "5"]
[White "Haar, Bjarne"]
[Black "Kronow, Jacob Nissen"]
[Result "0-1"]
[WhiteElo "1920"]
[BlackElo "2017"]
[PlyCount "74"]
[EventDate "1997.09.19"]
[EventType "tourn"]
[EventRounds "5"]
[EventCountry "DEN"]
[SourceTitle "EXT 2023"]
[Source "ChessBase"]
[SourceDate "2022.10.05"]
[SourceVersion "1"]
[SourceVersionDate "2022.10.05"]
[SourceQuality "1"]

1. e4 d5 2. exd5 Nf6 3. Bb5+ Bd7 4. Bc4 Bg4 5. f3 Bf5 6. Nc3 Nbd7 7. Nge2 Nb6 8. Bb5+ Bd7 9. d4 Nbxd5 10. Bxd7+ Qxd7 11. Nxd5 Qxd5 12. 0-0 0-0-0 13. Bf4 g5 14. c4 Qd7 15. Be5 Rg8 16. Qc2 Rg6 17. b4 Bh6 18. b5 Nh5 19. Qa4 Nf4 20. Nxf4 gxf4 21. d5 Rdg8 22. Rf2 Qh3 23. Qc2 Bg7 24. Re1 Bxe5 25. Rxe5 e6 26. Qd2 Qh4 27. Re4 e5 28. Kh1 Rh6 29. h3 Qg3 30. Rxe5 Rxh3+ 31. Kg1 Qh2+ 32. Kf1 Qh1+ 33. Ke2 Rxg2 34. Qxf4 Rxf2+ 35. Kxf2 Rh2+ 36. Ke3 Qc1+ 37. Ke4 Rh4 0-1

[Event "Lovfalds 11th B"]
[Site "Ringsted"]
[Date "1997.09.21"]
[Round "4"]
[White "Kronow, Jacob Nissen"]
[Black "Jensen, Leif"]
[Result "1/2-1/2"]
[WhiteElo "2017"]
[BlackElo "2046"]
[PlyCount "41"]
[EventDate "1997.09.19"]
[EventType "tourn"]
[EventRounds "5"]
[EventCountry "DEN"]
[SourceTitle "EXT 2023"]
[Source "ChessBase"]
[SourceDate "2022.10.05"]
[SourceVersion "1"]
[SourceVersionDate "2022.10.05"]
[SourceQuality "1"]

1. d4 d5 2. c4 c6 3. Nc3 Nf6 4. Nf3 e6 5. cxd5 exd5 6. Bg5 Be7 7. e3 Bf5 8. Be2 Ne4 9. Bxe7 Qxe7 10. 0-0 Nd7 11. Nd2 Ndf6 12. Ncxe4 Bxe4 13. Qb3 0-0 14. Rfe1 Rfe8 15. Bd1 Qc7 16. Rc1 Qb6 17. Rc3 Qxb3 18. Bxb3 Kf8 19. Bc2 Rad8 20. Rc1 Rd6 21. Bxe4 1/2-1/2

[Event "Lovfalds 11th B"]
[Site "Ringsted"]
[Date "1997.09.20"]
[Round "2"]
[White "Kronow, Jacob Nissen"]
[Black "Eckert, Svend"]
[Result "1-0"]
[WhiteElo "2017"]
[BlackElo "1737"]
[PlyCount "89"]
[EventDate "1997.09.19"]
[EventType "tourn"]
[EventRounds "5"]
[EventCountry "DEN"]
[SourceTitle "EXT 2023"]
[Source "ChessBase"]
[SourceDate "2022.10.05"]
[SourceVersion "1"]
[SourceVersionDate "2022.10.05"]
[SourceQuality "1"]

1. d4 Nf6 2. c4 e5 3. dxe5 Ne4 4. Nf3 Bb4+ 5. Bd2 a5 6. Bxb4 axb4 7. e3 Nc6 8. Bd3 Nc5 9. Bc2 0-0 10. 0-0 Qe7 11. Nbd2 Rd8 12. Qe2 Nxe5 13. Nxe5 Qxe5 14. Nf3 Qh5 15. Rfd1 d6 16. Rd5 Qh6 17. Rd4 g6 18. Rh4 Qg7 19. Nd4 Re8 20. Qd2 Re5 21. Qxb4 Qf6 22. Nf3 Bf5 23. Rf4 g5 24. Rxf5 Rxf5 25. Bxf5 Qxf5 26. Qc3 Ne4 27. Qc2 h6 28. Nd4 Qe5 29. a3 Re8 30. Rd1 f5 31. f3 c5 32. fxe4 cxd4 33. Rxd4 fxe4 34. Qb3 Qc5 35. Qxb7 Re5 36. Qb8+ Kg7 37. Qxd6 Qa5 38. Qb4 Qa7 39. Qc3 Kf6 40. Rd6+ Kf5 41. Rd5 Rxd5 42. cxd5 Qa4 43. Qd2 Qb3 44. d6 Qa2 45. d7 1-0

[Event "Lovsprings op 09th"]
[Site "Ringsted"]
[Date "1997.04.18"]
[Round "5"]
[White "Preuss, Flemming"]
[Black "Kronow, Jacob Nissen"]
[Result "1-0"]
[WhiteElo "2041"]
[BlackElo "1965"]
[PlyCount "65"]
[EventDate "1997.03.14"]
[EventType "swiss"]
[EventRounds "7"]
[EventCountry "DEN"]
[SourceTitle "EXT 2018"]
[Source "ChessBase"]
[SourceDate "2017.10.13"]
[SourceVersion "1"]
[SourceVersionDate "2017.10.13"]
[SourceQuality "1"]

1. e4 d5 2. exd5 Nf6 3. Nf3 Nxd5 4. d4 e6 5. c3 Be7 6. Bd3 Nd7 7. Qe2 b6 8. 0-0 Bb7 9. Ne5 0-0 10. f4 N5f6 11. Nd2 c5 12. Ndf3 cxd4 13. Nxd4 Nc5 14. Bc2 Ba6 15. Nb5 Bxb5 16. Qxb5 Nce4 17. Qe2 Nd6 18. Kh1 Qc7 19. Bd2 Rad8 20. Rae1 Nf5 21. Bc1 Bc5 22. Qf3 h5 23. Re2 Nh6 24. h3 Nf5 25. g4 Nd6 26. b4 Nb5 27. bxc5 Qxc5 28. g5 Nd5 29. Qxh5 f5 30. c4 Nbc3 31. Rg2 Nb4 32. g6 Rfe8 33. Qh7+ 1-0

[Event "Lovsprings op 08th"]
[Site "Ringsted"]
[Date "1996.03.29"]
[Round "4"]
[White "Kronow, Jacob Nissen"]
[Black "Madsen, Hans Henrik"]
[Result "0-1"]
[WhiteElo "1901"]
[BlackElo "2099"]
[PlyCount "56"]
[EventDate "1996.03.08"]
[EventType "swiss"]
[EventRounds "7"]
[EventCountry "DEN"]
[SourceTitle "EXT 2018"]
[Source "ChessBase"]
[SourceDate "2017.10.13"]
[SourceVersion "1"]
[SourceVersionDate "2017.10.13"]
[SourceQuality "1"]

1. d4 Nf6 2. c4 c5 3. d5 e6 4. Nc3 exd5 5. cxd5 d6 6. e4 g6 7. Nf3 Bg7 8. Be2 0-0 9. 0-0 Re8 10. Qc2 Na6 11. Bg5 h6 12. Bh4 g5 13. Nxg5 hxg5 14. Bxg5 Qb6 15. f3 Bd7 16. Rae1 Nc7 17. a4 Qb4 18. Bd2 Qd4+ 19. Kh1 a6 20. Bd1 b5 21. a5 b4 22. Ne2 Qe5 23. f4 Qxe4 24. Qc1 Qxd5 25. Ng3 Rxe1 26. Rxe1 Re8 27. Be3 Bg4 28. Bc2 Nb5 0-1

[Event "Lovsprings op 06th C"]
[Site "Ringsted"]
[Date "1994.05.22"]
[Round "7"]
[White "Kronow, Jacob Nissen"]
[Black "Wesche, Thomas"]
[Result "1-0"]
[WhiteElo "1567"]
[BlackElo "1600"]
[PlyCount "109"]
[EventDate "1994.03.27"]
[EventType "swiss"]
[EventRounds "7"]
[EventCountry "DEN"]
[SourceTitle "EXT 2023"]
[Source "ChessBase"]
[SourceDate "2022.10.05"]
[SourceVersion "1"]
[SourceVersionDate "2022.10.05"]
[SourceQuality "1"]

1. d4 Nf6 2. c4 e6 3. Nc3 c5 4. d5 exd5 5. cxd5 d6 6. Nf3 g6 7. e4 Bg7 8. Bd3 0-0 9. 0-0 Bg4 10. Bg5 a6 11. Be2 b5 12. Nd2 Bxe2 13. Nxe2 Qb6 14. a4 Nbd7 15. Qc2 Rfe8 16. Ra3 Nxd5 17. exd5 Rxe2 18. Be3 bxa4 19. Qxa4 Rd8 20. Qd1 Rxd2 21. Bxd2 Qxb2 22. Rxa6 Qe5 23. Ba5 Rc8 24. Re1 Qf5 25. Rxd6 Bd4 26. Re2 Ne5 27. Qc2 Qf4 28. Rd8+ Rxd8 29. Bxd8 Nd3 30. Ba5 c4 31. Qd2 Qxd2 32. Rxd2 Kf8 33. Rc2 Ke7 34. Kf1 Kd6 35. Rxc4 Kxd5 36. Rc7 Ke6 37. Rc2 Bf6 38. g3 Ne5 39. Bc3 Nd7 40. Re2+ Kf5 41. Bd2 h5 42. h3 g5 43. Bb4 Ne5 44. Bc3 Ng6 45. Bxf6 Kxf6 46. Ra2 h4 47. Ra6+ Ke5 48. Kg2 Kf5 49. Ra5+ Kf6 50. Kf3 Ne5+ 51. Rxe5 Kxe5 52. gxh4 gxh4 53. Kg4 Ke4 54. Kxh4 Kf3 55. Kg5 1-0

[Event "Lovsprings op 06th C"]
[Site "Ringsted"]
[Date "1994.05.01"]
[Round "5"]
[White "Kjaer, Thomas"]
[Black "Kronow, Jacob Nissen"]
[Result "0-1"]
[WhiteElo "1558"]
[BlackElo "1567"]
[PlyCount "42"]
[EventDate "1994.03.27"]
[EventType "swiss"]
[EventRounds "7"]
[EventCountry "DEN"]
[SourceTitle "EXT 2023"]
[Source "ChessBase"]
[SourceDate "2022.10.05"]
[SourceVersion "1"]
[SourceVersionDate "2022.10.05"]
[SourceQuality "1"]

1. e4 c5 2. Nf3 d6 3. d4 cxd4 4. Nxd4 Nf6 5. Nc3 g6 6. f3 Bg7 7. Be3 0-0 8. Qd2 Bd7 9. h4 h5 10. 0-0-0 Nc6 11. Be2 Rc8 12. g4 Ne5 13. gxh5 Nxh5 14. b3 Qa5 15. Kb2 Ng3 16. Rhg1 Nxe2 17. Qxe2 Qxc3+ 18. Kb1 Nc6 19. Rd3 Qa5 20. Bd2 Nxd4 21. Rxd4 Qc5 0-1

[Event "Lovsprings op 05th C"]
[Site "Ringsted"]
[Date "1993.05.16"]
[Round "7"]
[White "Kronow, Jacob Nissen"]
[Black "Jensen, Dan Bronnum"]
[Result "1/2-1/2"]
[WhiteElo "1610"]
[BlackElo "1600"]
[PlyCount "52"]
[EventDate "1993.03.26"]
[EventType "swiss"]
[EventRounds "7"]
[EventCountry "DEN"]
[SourceTitle "EXT 2023"]
[Source "ChessBase"]
[SourceDate "2022.10.05"]
[SourceVersion "1"]
[SourceVersionDate "2022.10.05"]
[SourceQuality "1"]

1. d4 Nf6 2. c4 e5 3. dxe5 Ng4 4. Nf3 Nc6 5. Bf4 Bb4+ 6. Nbd2 Qe7 7. a3 Ngxe5 8. Nxe5 Nxe5 9. Bxe5 Bxd2+ 10. Qxd2 Qxe5 11. e3 Qg5 12. Qd5 Qxd5 13. cxd5 0-0 14. Rc1 c6 15. Be2 Re8 16. 0-0 Re5 17. Rfd1 cxd5 18. Rc5 d6 19. Rcxd5 Rxd5 20. Rxd5 Be6 21. Rxd6 Rc8 22. Kf1 g6 23. Ke1 Rc2 24. Rd2 Rc1+ 25. Rd1 Rc2 26. Rd2 Rc1+ 1/2-1/2